|
|
|
|
| LEADER |
00913nam a2200241 a 4500 |
| 001 |
1673697 |
| 008 |
090628r20001998enka b 000 0 eng d |
| 010 |
|
|
|a \\\98065884
|
| 020 |
|
|
|a 0500280843
|
| 020 |
|
|
|a 0847821331
|
| 040 |
|
|
|a CL
|c CL
|d NmU
|d DLC
|d BD-DhAAL
|
| 082 |
0 |
0 |
|a 720/.92
|2 21
|
| 100 |
1 |
|
|a Hadid, Zaha.
|
| 245 |
1 |
0 |
|a Zaha Hadid :
|b the complete buildings and projects /
|c essay by Aaron Betsky.
|
| 260 |
|
|
|a London :
|b Thames & Hudson ,
|c 1998 [reprinted 2000].
|
| 300 |
|
|
|a 176 p. :
|b ill. (some col.) ;
|c 25 cm.
|
| 504 |
|
|
|a Includes bibliographical references.
|
| 541 |
1 |
|
|e 00008422
|
| 650 |
|
0 |
|a Deconstructivism (Architecture)
|
| 700 |
1 |
|
|a Betsky, Aaron.
|
| 852 |
4 |
|
|a Ayesha Abed Library
|j General shelf
|
| 999 |
|
|
|c 7814
|d 7814
|
| 952 |
|
|
|0 0
|1 2
|2 ddc
|4 0
|6 720_920000000000000_HAD
|7 0
|9 8690
|a BRACUL
|b BRACUL
|c GEN
|d 2010-03-21
|l 20
|m 50
|o 720.92 HAD
|p 3010008422
|q 2018-12-10
|r 2016-12-06
|s 2016-12-06
|t 1
|w 2010-03-21
|y BK
|